[Event "SVK-chT2E 9900"]
[Site "Slovakia"]
[Date "2000.??.??"]
[Round "?"]
[White "Lakatos, Vladimir"]
[Black "Tatarko, Jan"]
[Result "0-1"]
[WhiteElo "2102"]
[BlackElo "2270"]
[PlyCount "90"]
[EventDate "1999.??.??"]
[EventType "team"]
[EventRounds "9"]
[EventCountry "SVK"]
[SourceTitle "EXT 2001"]
[Source "ChessBase"]
[SourceDate "2000.11.22"]
[SourceVersion "1"]
[SourceVersionDate "2000.11.22"]
[SourceQuality "1"]

1. c4 e5 2. Nc3 Nf6 3. f4 exf4 4. Nf3 d5 5. d4 dxc4 6. Bxf4 Bb4 7. Qc2 Nd5 8. Bg5 f6 9. Bd2 Bxc3 10. bxc3 b5 11. Qe4+ Kf7 12. g3 c6 13. Nh4 Qe7 14. Qf3 Re8 15. a4 b4 16. cxb4 Nxb4 17. Rc1 Nd3+ 18. Kd1 Nxc1 19. Qh5+ Kg8 20. Bxc1 Qe4 21. Bg2 Bg4 22. Bxe4 Bxh5 23. Bf3 Bxf3 24. Nxf3 Na6 25. Kd2 Rab8 26. Ba3 Rb3 27. Ra1 Rbe3 28. Ng1 Kf7 29. Bc1 Rb3 30. Nf3 Nb4 31. Ra3 Ree3 32. Rxb3 Rxb3 33. Ne1 Na2 34. Kc2 Nxc1 35. Kxc1 Ra3 36. Kb2 Rxa4 37. Kc3 Ra2 38. e4 Rxh2 39. Kxc4 Re2 40. Nd3 Rxe4 41. Nb4 a5 42. Nxc6 a4 43. Kb4 Ke6 44. Kxa4 Kd5 45. Kb5 Rxd4 0-1

[Event "SVK-chT2E 9900"]
[Site "Slovakia"]
[Date "1999.??.??"]
[Round "?"]
[White "Tatarko, Jan"]
[Black "Papanetz, Peter"]
[Result "0-1"]
[WhiteElo "2270"]
[BlackElo "2230"]
[PlyCount "52"]
[EventDate "1999.??.??"]
[EventType "team"]
[EventRounds "9"]
[EventCountry "SVK"]
[SourceTitle "EXT 2001"]
[Source "ChessBase"]
[SourceDate "2000.11.22"]
[SourceVersion "1"]
[SourceVersionDate "2000.11.22"]
[SourceQuality "1"]

1. e4 c5 2. d4 cxd4 3. Qxd4 Nc6 4. Qd1 Nf6 5. Nc3 e6 6. a3 d5 7. exd5 exd5 8. Bg5 Be7 9. Bxf6 Bxf6 10. Nxd5 Bxb2 11. Rb1 Qa5+ 12. Qd2 Qxd2+ 13. Kxd2 Be5 14. Bb5 Be6 15. Nb4 0-0-0+ 16. Bd3 Nd4 17. Ne2 Nxe2 18. Kxe2 a5 19. Na6 bxa6 20. Bxa6+ Kd7 21. Rb7+ Kc6 22. Rhb1 Bc7 23. Bd3 Bd5 24. f3 Rb8 25. Rxb8 Rxb8 26. c4 Be6 0-1

[Event "Morava-chT 9798"]
[Site "Czech Republic"]
[Date "1998.??.??"]
[Round "5.3"]
[White "Tatarko, Jan"]
[Black "Simacek, Pavel"]
[Result "1/2-1/2"]
[WhiteElo "2275"]
[BlackElo "2320"]
[PlyCount "79"]
[EventDate "1997.??.??"]
[EventType "team-tourn"]
[EventRounds "11"]
[EventCountry "CZE"]
[SourceTitle "EXT 1999"]
[Source "ChessBase"]
[SourceDate "1998.11.16"]
[SourceVersion "1"]
[SourceVersionDate "1998.11.16"]
[SourceQuality "1"]

1. e4 e5 2. Nf3 Nc6 3. Bb5 a6 4. Ba4 Nf6 5. 0-0 Nxe4 6. d4 b5 7. Bb3 d5 8. dxe5 Be6 9. Qe2 Bc5 10. Be3 Qe7 11. Rd1 Rd8 12. a4 Bxe3 13. Qxe3 Nc5 14. axb5 axb5 15. Qe2 Nxb3 16. cxb3 Qc5 17. Nc3 0-0 18. Qxb5 Qxb5 19. Nxb5 Rb8 20. Nxc7 Bg4 21. Rd3 Nb4 22. Rd2 Bxf3 23. gxf3 d4 24. Ra5 Rfc8 25. Nd5 Rc1+ 26. Kg2 Nc6 27. Ra6 Nxe5 28. Rxd4 Rg1+ 29. Kxg1 Nxf3+ 30. Kf1 Nxd4 31. Nb6 g6 32. Ra8 Rxa8 33. Nxa8 Kf8 34. Nb6 Ke7 35. b4 Kd6 36. Nc4+ Kd5 37. Nd2 h6 38. f3 f5 39. Kg2 Nc6 40. b5 1/2-1/2

[Event "Morava-chT 9697"]
[Site "Czech Republic"]
[Date "1997.??.??"]
[Round "?"]
[White "Saljova, Silvie"]
[Black "Tatarko, Jan"]
[Result "1-0"]
[WhiteElo "2205"]
[BlackElo "2290"]
[PlyCount "51"]
[EventDate "1996.??.??"]
[EventType "team-tourn"]
[EventRounds "11"]
[EventCountry "CZE"]
[SourceTitle "EXT 1998"]
[Source "ChessBase"]
[SourceDate "1997.11.17"]
[SourceVersion "1"]
[SourceVersionDate "1997.11.17"]
[SourceQuality "1"]

1. d4 Nf6 2. Nf3 g6 3. c4 Bg7 4. Nc3 0-0 5. Bg5 d6 6. e3 Nbd7 7. Be2 e5 8. 0-0 c6 9. Qc2 h6 10. Bh4 Qc7 11. Rad1 Ne8 12. Be7 f5 13. Bxf8 Nxf8 14. dxe5 dxe5 15. c5 g5 16. Nd2 Qe7 17. b4 Bd7 18. Nc4 g4 19. Nd6 Nxd6 20. Rxd6 Re8 21. Rfd1 Bc8 22. b5 f4 23. Qe4 Kh8 24. Na4 Ne6 25. Qg6 Ng5 26. Qxe8+ 1-0

[Event "Morava-chT 9697"]
[Site "Czech Republic"]
[Date "1997.??.??"]
[Round "?"]
[White "Tatarko, Jan"]
[Black "Vyskocil, Neklan"]
[Result "1-0"]
[WhiteElo "2290"]
[BlackElo "2250"]
[PlyCount "95"]
[EventDate "1996.??.??"]
[EventType "team-tourn"]
[EventRounds "11"]
[EventCountry "CZE"]
[SourceTitle "EXT 1998"]
[Source "ChessBase"]
[SourceDate "1997.11.17"]
[SourceVersion "1"]
[SourceVersionDate "1997.11.17"]
[SourceQuality "1"]

1. Nf3 Nf6 2. c4 e6 3. g3 d5 4. Bg2 Be7 5. 0-0 0-0 6. d4 b6 7. Nc3 Bb7 8. Ne5 Nbd7 9. Qa4 c6 10. Nxc6 Bxc6 11. Qxc6 Rc8 12. Qa4 Rxc4 13. Qxa7 Rxd4 14. e4 dxe4 15. Be3 Rc4 16. Rfd1 Qc7 17. Qxc7 Rxc7 18. Nxe4 Nd5 19. Bd4 Bc5 20. Rac1 Bxd4 21. Rxc7 Nxc7 22. Rxd4 Nd5 23. a3 Ne5 24. Nd6 Rd8 25. Nb5 Nc6 26. Ra4 Kf8 27. Ra6 Rb8 28. Kf1 Ke7 29. Na7 Nxa7 30. Rxa7+ Kf6 31. Ke2 Rc8 32. Kd2 Rd8 33. Kc2 Kg6 34. Rb7 Rd6 35. Bxd5 exd5 36. Kd3 f5 37. Kd4 Kf6 38. h4 h6 39. h5 g6 40. hxg6 Kxg6 41. Ke5 Rd8 42. Rxb6+ Kg5 43. Rb4 h5 44. Rf4 Re8+ 45. Kxd5 Re2 46. b4 Ra2 47. b5 Rxa3 48. Rb4 1-0

[Event "Morava-chT 9798"]
[Site "Czech Republic"]
[Date "1997.??.??"]
[Round "2.3"]
[White "Walek, Milan"]
[Black "Tatarko, Jan"]
[Result "0-1"]
[WhiteElo "2325"]
[BlackElo "2275"]
[PlyCount "77"]
[EventDate "1997.??.??"]
[EventType "team-tourn"]
[EventRounds "11"]
[EventCountry "CZE"]
[SourceTitle "EXT 1999"]
[Source "ChessBase"]
[SourceDate "1998.11.16"]
[SourceVersion "1"]
[SourceVersionDate "1998.11.16"]
[SourceQuality "1"]

1. e4 c5 2. Nf3 Nc6 3. Nc3 Nf6 4. d4 cxd4 5. Nxd4 e5 6. Ndb5 d6 7. Bg5 a6 8. Na3 b5 9. Bxf6 gxf6 10. Nd5 Bg7 11. Bd3 Ne7 12. Nxe7 Qxe7 13. 0-0 f5 14. c4 0-0 15. Qh5 Qb7 16. Rfe1 d5 17. cxd5 fxe4 18. Bxe4 f5 19. Bc2 e4 20. Rad1 Bxb2 21. Nb1 Qc7 22. Bb3 Qd6 23. f3 Rf6 24. fxe4 Bd7 25. exf5 Rxf5 26. Qh4 Raf8 27. Qg3+ Qxg3 28. hxg3 Be5 29. Rd3 Bd6 30. g4 Rf4 31. Nd2 Bxg4 32. Ne4 Be5 33. g3 Rf3 34. Rxf3 Rxf3 35. Kg2 Rd3 36. Rf1 Kg7 37. Rf2 a5 38. Ng5 Rxg3+ 39. Kh1 0-1

[Event "CZE-chT 9596"]
[Site "Czech Republic"]
[Date "1995.10.22"]
[Round "2"]
[White "Tatarko, Jan"]
[Black "Freisler, Pavel"]
[Result "0-1"]
[WhiteElo "2315"]
[BlackElo "2345"]
[PlyCount "66"]
[EventDate "1995.10.21"]
[EventType "team-tourn"]
[EventRounds "11"]
[EventCountry "CZE"]
[SourceTitle "EXT 2019"]
[Source "ChessBase"]
[SourceDate "2018.10.10"]
[SourceVersion "1"]
[SourceVersionDate "2018.10.10"]
[SourceQuality "1"]
[WhiteTeam "Havirov SK CSABI Slavia"]
[BlackTeam "Praha DP Tarok"]
[WhiteTeamCountry "CZE"]
[BlackTeamCountry "CZE"]

1. Nf3 Nf6 2. c4 d6 3. d4 Nbd7 4. Nc3 e5 5. e4 Be7 6. Be2 0-0 7. 0-0 c6 8. d5 Nc5 9. Nd2 a5 10. Rb1 Bd7 11. b3 cxd5 12. cxd5 b5 13. Bxb5 Nfxe4 14. Ndxe4 Nxe4 15. Nxe4 Bxb5 16. Re1 f5 17. Nc3 Ba6 18. f3 Qb6+ 19. Be3 Qb4 20. Na4 Bh4 21. g3 f4 22. Bf2 fxg3 23. hxg3 Bg5 24. Nb6 Rad8 25. Re4 Qc3 26. Rg4 Be3 27. Nc4 Bxf2+ 28. Kxf2 Rxf3+ 29. Qxf3 Qc2+ 30. Ke3 Qxb1 31. Qf6 Qe1+ 32. Kd3 Bxc4+ 33. Kxc4 Rc8+ 0-1

[Event "CZE-chT 9495"]
[Site "Czech Republic"]
[Date "1995.02.12"]
[Round "8"]
[White "Chloupek, Stanislav"]
[Black "Tatarko, Jan"]
[Result "1/2-1/2"]
[WhiteElo "2310"]
[BlackElo "2285"]
[PlyCount "86"]
[EventDate "1994.10.15"]
[EventType "team-tourn"]
[EventRounds "9"]
[EventCountry "CZE"]
[SourceTitle "EXT 2019"]
[Source "ChessBase"]
[SourceDate "2018.10.10"]
[SourceVersion "1"]
[SourceVersionDate "2018.10.10"]
[SourceQuality "1"]
[WhiteTeam "Vysehrad SK Sokol"]
[BlackTeam "Havirov SK CSABI Slavia"]
[WhiteTeamCountry "CZE"]
[BlackTeamCountry "CZE"]

1. d4 Nf6 2. c4 g6 3. Nc3 Bg7 4. e4 0-0 5. Be3 d6 6. f3 e5 7. d5 c6 8. Qd2 cxd5 9. cxd5 Nh5 10. 0-0-0 f5 11. Kb1 a6 12. Bd3 b5 13. Nge2 f4 14. Bf2 Nd7 15. Nc1 Nc5 16. Bc2 Bd7 17. Nd3 Nxd3 18. Bxd3 Bf6 19. Rhf1 Qb8 20. Bg1 Bd8 21. Qf2 a5 22. Rc1 a4 23. Rfd1 Qb7 24. Ne2 Ba5 25. Rc2 Rfb8 26. Qh4 b4 27. Rcc1 Be8 28. Qf2 Bb5 29. Bxb5 Qxb5 30. Qf1 Ra6 31. Bf2 Qb7 32. Rc4 Nf6 33. Rdc1 Nd7 34. Rc6 Bb6 35. Bxb6 Nxb6 36. Qe1 Nd7 37. Rc7 Qb5 38. Rc8+ Kg7 39. Rxb8 Qxb8 40. Rc4 Rb6 41. Nc1 Nc5 42. Qe2 Rb7 43. Qd2 b3 1/2-1/2

[Event "CZE-chT 9394"]
[Site "Czech Republic"]
[Date "1993.12.12"]
[Round "4"]
[White "Tatarko, Jan"]
[Black "Knazovcik, Ladislav"]
[Result "1/2-1/2"]
[WhiteElo "2145"]
[BlackElo "2280"]
[PlyCount "72"]
[EventDate "1994.11.27"]
[EventType "team-tourn"]
[EventRounds "9"]
[EventCountry "CZE"]
[SourceTitle "EXT 2019"]
[Source "ChessBase"]
[SourceDate "2018.10.10"]
[SourceVersion "1"]
[SourceVersionDate "2018.10.10"]
[SourceQuality "1"]
[WhiteTeam "Havirov SK CSABI Slavia"]
[BlackTeam "Grygov A64 Valoz"]
[WhiteTeamCountry "CZE"]
[BlackTeamCountry "CZE"]

1. Nf3 Nf6 2. c4 d6 3. d4 Bg4 4. Nc3 Nbd7 5. g3 Bxf3 6. exf3 e5 7. d5 g6 8. f4 Bg7 9. Bg2 0-0 10. 0-0 exf4 11. Bxf4 Nb6 12. Qd3 Nfd7 13. b3 a5 14. Qd2 Re8 15. Rae1 Rxe1 16. Rxe1 a4 17. Bh6 axb3 18. axb3 Bxh6 19. Qxh6 Nc5 20. Bh3 Qf8 21. Qg5 Re8 22. Rb1 Ne4 23. Qe3 Nxc3 24. Qxc3 Qh6 25. Kg2 Qg7 26. Qxg7+ Kxg7 27. Ra1 f5 28. Ra7 Rb8 29. Kf3 h5 30. Ke3 Nd7 31. Kd4 Ne5 32. Bg2 Kf6 33. f4 c5+ 34. dxc6 Nxc6+ 35. Bxc6 bxc6 36. Rd7 Ke6 1/2-1/2

[Event "CZE-chT 9394"]
[Site "Czech Republic"]
[Date "1993.12.11"]
[Round "3"]
[White "Sokalsky, Alexander"]
[Black "Tatarko, Jan"]
[Result "0-1"]
[WhiteElo "2255"]
[BlackElo "2145"]
[PlyCount "64"]
[EventDate "1994.11.27"]
[EventType "team-tourn"]
[EventRounds "9"]
[EventCountry "CZE"]
[SourceTitle "EXT 2019"]
[Source "ChessBase"]
[SourceDate "2018.10.10"]
[SourceVersion "1"]
[SourceVersionDate "2018.10.10"]
[SourceQuality "1"]
[WhiteTeam "Ostrava Poruba"]
[BlackTeam "Havirov SK CSABI Slavia"]
[WhiteTeamCountry "CZE"]
[BlackTeamCountry "CZE"]

1. c4 Nf6 2. Nc3 g6 3. g3 Bg7 4. Bg2 0-0 5. d4 d6 6. e3 c5 7. Nge2 Nc6 8. 0-0 Bd7 9. b3 Qc8 10. Re1 Bh3 11. Bh1 e5 12. d5 Ne7 13. e4 Nh5 14. Bg2 Bxg2 15. Kxg2 f5 16. f3 h6 17. Bd2 Nf6 18. Rf1 g5 19. exf5 Qxf5 20. Qb1 Qd7 21. Qc2 g4 22. f4 e4 23. Rae1 Qf5 24. Nc1 Rae8 25. Nxe4 Nxe4 26. Qxe4 Qh5 27. Qd3 Nf5 28. Re6 Qh3+ 29. Kh1 Nxg3+ 30. Kg1 Bd4+ 31. Be3 Bxe3+ 32. Rxe3 Rxe3 0-1